LEADER 04663nam 2200565 450 001 9910164968003321 005 20200520144314.0 010 $a3-11-047309-7 024 7 $a10.1515/9783110473094 035 $a(CKB)3850000000000886 035 $a(MiAaPQ)EBC4804390 035 $a(DE-B1597)463648 035 $a(OCoLC)979690723 035 $a(DE-B1597)9783110473094 035 $a(Au-PeEL)EBL4804390 035 $a(CaPaEBR)ebr11344924 035 $a(CaONFJC)MIL984131 035 $a(OCoLC)967393947 035 $a(EXLCZ)993850000000000886 100 $a20170223h20172017 uy 0 101 0 $ager 135 $aurcnu|||||||| 181 $2rdacontent 182 $2rdamedia 183 $2rdacarrier 200 10$aCorporate Governance im grenzuberschreitenden Konzern /$fPeter Hommelhoff, Marcus Lutter, Christoph Teichmann 210 1$aBerlin, [Germany] ;$aBoston, [Massachusetts] :$cDe Gruyter,$d2017. 210 4$d©2017 215 $a1 online resource (534 pages) 225 0 $aZeitschrift Fur Unternehmens-Und Gesellschaftsrecht/Zgr Sch ;$v3 311 $a3-11-047270-8 311 $a3-11-047249-X 327 $tFrontmatter -- $tVorwort -- $tInhalt -- $tGrenzüberschreitende Konzernführung: Status Quo und rechtspolitische Agenda -- $tLeitung und Haftung im Recht der Unternehmensgruppe im Vereinigten Königreich -- $tNeues tschechisches Recht für faktische Konzerne ? vom deutschen Konzernrecht zu Rozenblum oder ein dritter Weg? -- $tDas französische Recht zur Anerkennung des Gruppeninteresses seit der Rozenblum-Entscheidung -- $tKonzernrecht in Skandinavien -- $tRechtliche Aspekte der Gruppenführung in den Niederlanden -- $tDas Konzernrecht in Polen im Lichte der neuesten Rechtsprechung -- $tGesellschaftsgruppen in Italien -- $tDie gesetzgeberische Umsetzung des Rozenblum-Konzepts ? dargestellt am Beispiel ostmitteleuropäischer Rechtsordnungen -- $tEckpunkte für einen Rechtsrahmen zur erleichterten Führung von grenzüberschreitenden Unternehmensgruppen in Europa -- $tGedanken zur konzernweiten Compliance-Verantwortung des Gesch!ftsleiters eines herrschenden Unternehmens -- $tGruppeninteresse und Stakeholderbelange im Konzern -- $tGruppenrecht als Ausgleich ? Der Vorschlag des Forum Europaeum -- $tUnternehmensleitung im grenzüberschreitenden KMU-Konzern nach dem FECG-Eckpunktepapier -- $tBericht zur Bonner Tagung am 4.12. 2015 -- $tBericht zur Würzburger Tagung am 11. 3. 2016 -- $tSchlussbemerkungen -- $tKritische Würdigung des Vorschlags des Forum Europaeum on Company Groups aus schweizerischer Perspektive -- $tEuropäisches Konzernrecht: Vom Gesellschaftsschutzrecht zum Enabling Law für Unternehmen -- $tUnternehmensmitbestimmung in transnationalen KMU-Gruppen -- $tGrenzüberschreitende Gruppenführung und ihr rechtliches Instrumentarium -- $tBemerkungen zu den Empfehlungen des Forum Europaeum on Company Groups (FECG) ?Eckpunkte für einen Rechtsrahmen zur erleichterten Führung von grenzüberschreitenden Unternehmensgruppen in Europa? -- $tGläubigerschutz im Recht für kleine und mittlere Unternehmensgruppen ? eine kritische Gegenlese - -- $tSysteme der Binnenorganisation in der zweiten Kapitalgesellschaftsform und grenzüberschreitende Gruppenführung in Europa -- $tNachlese und Ausblick -- $tAngaben zu Verfassern 330 $aDie grenzüberschreitende Unternehmensgruppe begegnet heute in allen EU-Mitgliedstaaten konzernrechtlichen Regeln mit großen Unterschieden. Der Sammelband analysiert das aktuelle Konzernrecht zahlreicher Einzelstaaten und unterbreitet einen rechtspolitischen Vorschlag zur europäischen Anerkennung des Gruppeninteresses. Er liefert damit Rechtspraxis und Gesetzgebung wertvolle Hinweise für eine Erleichterung der grenzüberschreitenden Gruppenführung. 330 $aToday?s multinational groups encounter very different corporate regulations across all EU member states. This anthology analyzes current corporate law in many individual countries and presents a proposed legal policy for European recognition of group interests, thereby providing valuable suggestions for legal practitioners and legislators to simplify transnational corporate governance. 606 $aGovernesses 608 $aElectronic books. 615 0$aGovernesses. 676 $a371.394 686 $aPS 3780$2rvk 700 $aHommelhoff$b Peter$0228998 702 $aTeichmann$b Christoph 702 $aLutter$b Marcus 801 0$bMiAaPQ 801 1$bMiAaPQ 801 2$bMiAaPQ 906 $aBOOK 912 $a9910164968003321 996 $aCorporate Governance im grenzuberschreitenden Konzern$92483483 997 $aUNINA LEADER 02733nam 2200361z- 450 001 9910639992303321 005 20230221132730.0 035 $a(CKB)5470000001633430 035 $a(oapen)https://directory.doabooks.org/handle/20.500.12854/95909 035 $a(EXLCZ)995470000001633430 100 $a20202301d2021 |y 0 101 0 $aspa 135 $aurmn|---annan 181 $ctxt$2rdacontent 182 $cc$2rdamedia 183 $acr$2rdacarrier 200 10$aEscrituras en voz: Conversaciones sobre literatura argentina 210 $aLa Plata$cUniversidad Nacional de La Plata. Facultad de Humanidades y Ciencias de la Educación$d2021 225 1 $aEstudios/Investigaciones$v73 311 $a950-34-1988-3 330 $aEscrituras en voz: Conversaciones sobre literatura argentina reúne una serie de entrevistas realizadas a Julián Axat, Mariano Blatt, Emiliano Bustos, Gabriela Cabezón Cámara, Arturo Carrera, Omar Chauvié, Marcelo Díaz, Mariana Enriquez, Fernanda García Lao, Fernanda Laguna, Julián López, Claudia Masin, Silvio Mattoni, Ángel Oliva, Cecilia Palmeiro, Nicolás Prividiera, Mercedes Roffé, Erich Schierloh, Paula Tomassoni y Paloma Vidal. Los diálogos, además de descubrir nuevos ángulos o revisiones de poéticas particulares, se abren a la reflexión sobre temas, procesos, problemas y debates que atravesaron el panorama literario de las últimas décadas y aparecieron de forma recurrente tanto en las intervenciones públicas de los escritorxs y en sus textos, como en las agendas y discusiones de la crítica: la literatura en el contexto de la cultura digital; los índices de su desautonomización; su dimensión performática y los contactos interartísticos; los nuevos realismos y el desplazamiento hacia el fantástico, el terror o la ciencia ficción; los deslizamientos entre narrativa y poesía; los efectos del neoliberalismo en la representación del presente y la pobreza; los modos de construcción de la memoria; las figuraciones de la disidencia sexual y de género; problemáticas vinculadas a la violencia; escenarios de posdestrucción; imaginarios de comunidad; distintas formas de lectura y de realización que revelan originales intercambios entre literatura y territorio, entre arte y política. 517 $aEscrituras en voz 606 $aLiterature & literary studies$2bicssc 610 $aLiteratura 610 $aCultura digital 610 $aFormas de lectura 615 7$aLiterature & literary studies 700 $aChiani$b Miriam$4edt$01296248 702 $aChiani$b Miriam$4oth 906 $aBOOK 912 $a9910639992303321 996 $aEscrituras en voz: Conversaciones sobre literatura argentina$93023909 997 $aUNINA